00404 2200157 4500001002100000005001500021020002200036035002000058082000800078084001400086100002100100245005400121260003100175300002800206990001200234INLIS00000000000305520250919084534 a978-602-298-819-9 a0010-0925000402 a530 a530 MAR f0 aMarthen Kanginan1 aFisika Kelas X Kurikulum 2013 /cMarthen Kanginan aJakarta :bErlangga,c2016 a495 hlm ;c17,5 x 25 cm a0755580